| 000 | 00837nam a2200193 i 4500 | ||
|---|---|---|---|
| 001 | 182399 | ||
| 003 | ES-MaACL | ||
| 005 | 20250809151518.0 | ||
| 008 | 130808s1977 sp |||| | spa d | ||
| 100 | 0 |
_aGómez-Tabanera, José Manuel, _d1926-2011 _958165 |
|
| 245 | 1 | 0 |
_aMundo clásico y arqueología industrial / _cJ.M. Gómez-Tabanera. |
| 260 |
_aBarcelona : _b, Universidad, Instituto de Arqueología y Prehistoria, _c1977. |
||
| 300 |
_aP. [193]-199 ; _c29 cm. |
||
| 595 | _aSobretiro de: Segovia y la arqueología romana. Instituto de Arqueología y Prehistoria, Universidad de Barcelona, publicaciones eventuales, n. 27. | ||
| 650 | 7 |
_aArqueología industrial _2embne _9153205 |
|
| 710 | 2 |
_aUniversidad de Barcelona. _bInstituto de Arqueología y Prehistoria. _97152 |
|
| 852 |
_aES-MaACL _j2323-F-10 |
||
| 999 |
_c182399 _d182399 |
||